000 00754nam a2200301Ia 4500
001 40215
005 20240114003330.0
007 ta
008 071008s1951 g b000 u 465 u
040 _aCotton College,Assam
041 _a465
082 _a891.4143
_bD 954 Ag
100 _aDutta , Prem Narayan.
245 0 _aAgnibaan /
_cPrem Narayan Dutta.
_hTextual Documents
250 _a4th ed /
260 _aGuwahati :
_bMoni Manik Prakash ,
_c1951.
300 _a69p. ;
_c18 cm.
653 _aAssamese Literature
653 _aAssamese Fiction
653 _aG-Assamese
653 _aT/G-Assamese
942 _2ddc
_cBK
999 _c40186
_d40186